[Event "HUN-chT5"]
[Site "Hungary"]
[Date "2023.02.11"]
[Round "8.3"]
[White "Bodor, Gergely"]
[Black "Brieber, Benedek"]
[Result "0-1"]
[WhiteElo "1761"]
[BlackElo "1385"]
[PlyCount "72"]
[EventDate "2022.12.03"]
[EventType "team-tourn"]
[EventRounds "9"]
[EventCountry "HUN"]
[SourceTitle "EXT 2024"]
[Source "ChessBase"]
[SourceDate "2023.10.10"]
[SourceVersion "1"]
[SourceVersionDate "2023.10.10"]
[SourceQuality "1"]

1. e4 d5 2. exd5 Nf6 3. d4 Bg4 4. Nf3 Qxd5 5. Be2 Nc6 6. c4 Qh5 7. h3 0-0-0 8. Be3 e5 9. d5 Bb4+ 10. Nbd2 Bxd2+ 11. Qxd2 e4 12. 0-0-0 Bxf3 13. gxf3 exf3 14. Bd3 Ne5 15. Bxa7 Nxd3+ 16. Qxd3 b6 17. Qa3 Kb7 18. Qa4 Qg5+ 19. Kb1 Qf5+ 20. Ka1 Qd7 21. Qb4 Kxa7 22. Rd3 Ra8 23. Re1 Rhe8 24. Rc1 Kb7 25. c5 Qa4 26. Qxa4 Rxa4 27. c6+ Kb8 28. d6 cxd6 29. c7+ Kb7 30. Rxd6 Rc8 31. Rd3 Rxc7 32. Rg1 Rf4 33. Kb1 g6 34. Rg3 Ne4 35. Rg4 Rxg4 36. hxg4 Nxf2 0-1

[Event "HUN-chT5"]
[Site "Hungary"]
[Date "2023.01.07"]
[Round "4.11"]
[White "Brieber, Benedek"]
[Black "Horvath, Reka1111"]
[Result "1-0"]
[WhiteElo "1385"]
[BlackElo "1121"]
[PlyCount "79"]
[EventDate "2022.12.03"]
[EventType "team-tourn"]
[EventRounds "9"]
[EventCountry "HUN"]
[SourceTitle "EXT 2024"]
[Source "ChessBase"]
[SourceDate "2023.10.10"]
[SourceVersion "1"]
[SourceVersionDate "2023.10.10"]
[SourceQuality "1"]

1. d4 d5 2. Nc3 e6 3. Bf4 Nd7 4. Nb5 Bb4+ 5. c3 Bd6 6. Bxd6 cxd6 7. Nxd6+ Ke7 8. Nb5 Qb6 9. Qb3 a6 10. Qb4+ Ke8 11. Nd6+ Kf8 12. Qxb6 Nxb6 13. Nf3 Ke7 14. Nxc8+ Rxc8 15. e3 Nf6 16. Ne5 Rhd8 17. Bd3 Kf8 18. 0-0 Nc4 19. Nxc4 dxc4 20. Bc2 h6 21. a4 b5 22. axb5 axb5 23. Ra5 Rb8 24. h3 b4 25. Rc1 Nd5 26. e4 Nf4 27. Kf1 bxc3 28. bxc3 Rdc8 29. h4 Nd3 30. Bxd3 cxd3 31. Ra3 Rb2 32. Rd1 d2 33. Ke2 Rc2 34. Kd3 Rc1 35. Kxd2 Rxd1+ 36. Kxd1 Rb8 37. Kc2 Rb5 38. c4 Rh5 39. g3 e5 40. d5 1-0

[Event "HUN-chT5"]
[Site "Hungary"]
[Date "2022.12.03"]
[Round "2.3"]
[White "Brieber, Benedek"]
[Black "Harangozo, Tamas"]
[Result "0-1"]
[WhiteElo "1385"]
[BlackElo "1693"]
[PlyCount "90"]
[EventDate "2022.12.03"]
[EventType "team-tourn"]
[EventRounds "9"]
[EventCountry "HUN"]
[SourceTitle "EXT 2024"]
[Source "ChessBase"]
[SourceDate "2023.10.10"]
[SourceVersion "1"]
[SourceVersionDate "2023.10.10"]
[SourceQuality "1"]

1. d4 c5 2. d5 Nf6 3. c4 g6 4. Nc3 Bg7 5. Bf4 0-0 6. Nf3 Qa5 7. Qd2 Re8 8. Nb5 Qxd2+ 9. Kxd2 Ne4+ 10. Ke3 e5 11. Bg5 Nxg5 12. Nc7 Bh6 13. Nxg5 Bxg5+ 14. Kd3 e4+ 15. Kc2 Rf8 16. Nxa8 Na6 17. d6 Bf4 18. Nc7 Nb4+ 19. Kd1 Bxd6 20. Nb5 Be5 21. Kc1 d5 22. cxd5 Nxd5 23. e3 a6 24. Na3 b5 25. Be2 c4 26. Nc2 c3 27. b4 Be6 28. a3 f5 29. g3 Nb6 30. Rd1 Bb3 31. f3 exf3 32. Bxf3 Kg7 33. Bb7 Nc4 34. Re1 Rd8 35. Re2 Nb2 36. Nd4 Nd3+ 37. Kb1 Bxd4 38. exd4 Rxd4 39. Bxa6 Nxb4 40. Re1 Nxa6 41. Kc1 Nc5 42. Ra2 Nd3+ 43. Kb1 Nxe1 44. Rd2 Rxd2 45. a4 Rd1# 0-1